|
|
|
|
| LEADER |
02428nam a2200589 4500 |
| 001 |
ocm85820505 |
| 003 |
OCoLC |
| 005 |
20170124071739.6 |
| 006 |
m o d |
| 007 |
cr cnu---unuuu |
| 008 |
050722s2002 gw ob 001 0 ger d |
| 040 |
|
|
|a DG1
|b eng
|e pn
|c DG1
|d IDEBK
|d DG1
|d OCLCQ
|d N$T
|d E7B
|d OCLCQ
|d DEBSZ
|d OCLCQ
|d YDXCP
|d OCLCQ
|d OCLCF
|d COO
|d OCLCQ
|d DEBBG
|d GrThAP
|
| 020 |
|
|
|a 9783527661053
|q (electronic bk.)
|
| 020 |
|
|
|a 3527661050
|q (electronic bk.)
|
| 020 |
|
|
|a 3527603336
|q (electronic bk.)
|
| 020 |
|
|
|a 9783527603336
|q (electronic bk.)
|
| 020 |
|
|
|z 3527303510
|q (print. ed.)
|
| 020 |
|
|
|z 9783527303519
|q (print. ed.)
|
| 024 |
7 |
|
|a 10.1002/3527603336
|2 doi
|
| 029 |
1 |
|
|a DEBSZ
|b 372710360
|
| 029 |
1 |
|
|a NZ1
|b 15916100
|
| 029 |
1 |
|
|a DEBBG
|b BV043385663
|
| 035 |
|
|
|a (OCoLC)85820505
|
| 050 |
|
4 |
|a QD96.I47
|
| 072 |
|
7 |
|a SCI
|x 013010
|2 bisacsh
|
| 082 |
0 |
4 |
|a 543.65
|
| 049 |
|
|
|a MAIN
|
| 100 |
1 |
|
|a Nölte, Joachim.
|
| 245 |
1 |
0 |
|a ICP emissions-spektrometrie für Praktiker :
|b Grundlagen, Methodenentwicklung, Anwendungsbeispiele /
|c Joachim Nölte.
|
| 264 |
|
1 |
|a Weinheim :
|b Wiley-VCH,
|c [2002]
|
| 264 |
|
4 |
|c ©2002
|
| 300 |
|
|
|a 1 online resource (xiv, 271 pages)
|
| 336 |
|
|
|a text
|b txt
|2 rdacontent
|
| 337 |
|
|
|a computer
|b c
|2 rdamedia
|
| 338 |
|
|
|a online resource
|b cr
|2 rdacarrier
|
| 505 |
0 |
|
|a Ein Überblick -- Plasma -- Optik und Detektor des Spektrometers -- Methodenentwicklung -- Routineanalyse -- Fehler : Ursachen finden und vermeiden -- Anwendungen -- Beschaffung und Laborvorbereitung.
|
| 504 |
|
|
|a Includes bibliographical references and index.
|
| 588 |
0 |
|
|a Print version record.
|
| 650 |
|
0 |
|a Inductively coupled plasma atomic emission spectrometry.
|
| 650 |
|
0 |
|a Chemistry.
|
| 650 |
|
0 |
|a Spectrum analysis.
|
| 650 |
|
7 |
|a SCIENCE
|x Chemistry
|x Analytic.
|2 bisacsh
|
| 650 |
|
7 |
|a Chemistry.
|2 fast
|0 (OCoLC)fst00853344
|
| 650 |
|
7 |
|a Inductively coupled plasma atomic emission spectrometry.
|2 fast
|0 (OCoLC)fst00970756
|
| 650 |
|
7 |
|a Spectrum analysis.
|2 fast
|0 (OCoLC)fst01129108
|
| 653 |
|
|
|a Analytical Chemistry and Spectroscopy.
|
| 655 |
|
4 |
|a Electronic books.
|
| 655 |
|
7 |
|a Electronic books.
|2 local
|
| 710 |
2 |
|
|a John Wiley & Sons.
|
| 776 |
0 |
8 |
|i Print version:
|a Nölte, Joachim.
|t ICP emissions-spektrometrie für Praktiker.
|d Weinheim : Wiley-VCH, ©2002
|z 3527303510
|
| 856 |
4 |
0 |
|u https://doi.org/10.1002/3527603336
|z Full Text via HEAL-Link
|
| 994 |
|
|
|a 92
|b DG1
|